Wymień jak najwięcej krajów na literę A - Statystyki

Ogólne statystyki
  • Ten quiz został rozwiązany 85 razy
  • Średni wynik to 9 z 12
Statystyki odpowiedzi
Kraj % Poprawnych
7 Australia
87%
6 Austria
83%
4 Andora
80%
11 Armenia
80%
10 Argentyna
76%
12 Azerbejdżan
76%
8 Afganistan
74%
3 Albania
71%
1 Algieria
66%
2 Angola
66%
9 Arabia Saudyjska
64%
5 Antigua i Barbuda
49%
Nie znaleziono quizów pasujących do podanych kryteriów
Rozkład punktacji
Procent ludzi z każdym wynikiem
Percentyl według liczby udzielonych odpowiedzi
Twoja historia wyników
Nie rozwiązałeś tego quizu